Ready-to-use violence prevention skills lessons and activities for secondary students

Tallennettuna:
Bibliografiset tiedot
Aineistotyyppi: Kirja
Julkaistu: Center for Applied Research in Education 1998
Tagit: Lisää tagi
Ei tageja, Lisää ensimmäinen tagi!
Thư viện lưu trữ: Mạng thư viện Đại học Đà Nẵng
LEADER 00603nam a2200205 a 4500
001 000029842
003 7494
005 20171030145630.0
008 171030s1998
040 |a LTT 
082 0 |a 371.78  |b Re-V 
245 0 0 |a Ready-to-use violence prevention skills lessons and activities for secondary students  |c Ruth Weltmann Begun and Frank J. Huml, editors. 
260 |b Center for Applied Research in Education  |c 1998 
OWN |a LTT 
999 |a From the UDN01 
TYP |a Monograph 
TYP |a Printed language 
980 |a Mạng thư viện Đại học Đà Nẵng